Frugal innovation : (Record no. 93113)

MARC details
000 -LEADER
fixed length control field 01994nam a22002417a 4500
005 - DATE AND TIME OF LATEST TRANSACTION
control field 20150602163957.0
010 ## - LCCN (DPL NO)
LC control number ENG-112737
020 ## - INTERNATIONAL STANDARD BOOK NUMBER
International Standard Book Number 9789350099858
Terms of availability 599.00
035 ## - SYSTEM CONTROL NUMBER
System control number EN-96269
037 ## - SOURCE OF ACQUISITION
Source of stock number/acquisition DBAD/PUB
082 ## - DEWEY DECIMAL CLASSIFICATION NUMBER
Classification number 658.4063
100 ## - MAIN ENTRY--PERSONAL NAME
Personal name Radjou, Navi
245 ## - TITLE STATEMENT
Title Frugal innovation :
Statement of responsibility, etc by Navi Radjou [and] Jaideep Prabhu
Remainder of title how to do better with less /
260 ## - PUBLICATION, DISTRIBUTION, ETC. (IMPRINT)
Place of publication, distribution, etc Gurgaon
Name of publisher, distributor, etc Hachette Book Publishing
Date of publication, distribution, etc 2015
270 ## - ADDRESS
Address 4th & 5th Floors, Corporate Centre, Plot No.94, Sector-44,
City Gurgaon
Postal code 122003
300 ## - PHYSICAL DESCRIPTION
Extent xxii,252p.
Dimensions 23cm(Hb)
500 ## - GENERAL NOTE
General note Includes index
520 ## - SUMMARY, ETC.
Summary, etc With a Foreword by Paul Polman, CEO, Unilever. Frugal innovation is a way that companies can develop high-quality products and create more value with limited resources. In today’s cost-constrained environment, companies in the developed economies are seeking new routes to long-term business success - while also appealing to cost-conscious and environmentally-aware consumers. With an estimated trillion-dollar global market for sustainable products, and with potentially huge cost savings to be gained, frugal innovation is revolutionising business and reshaping management thinking. This seminal book gives an overview of the principles, perspectives and techniques behind frugal innovation, connecting with key contemporary business concepts such as the sharing and circular economies and the maker movement. It offers a blueprint for leaders and managers in companies of all sizes and across all sectors on how to profit from doing business frugally. Based on the author’s six key principles of frugal innovation, and packed with targeted advice and specific recommendations for business functions such as R&D, operations, HR and sales and marketing, Frugal Innovation is a masterclass in the art of doing more with less.
650 ## - SUBJECT ADDED ENTRY--TOPICAL TERM
Topical term or geographic name as entry element Creative ability in business.
650 ## - SUBJECT ADDED ENTRY--TOPICAL TERM
Topical term or geographic name as entry element Thriftiness.
700 ## - ADDED ENTRY--PERSONAL NAME
Personal name Prabhu, Jaideep
942 ## - ADDED ENTRY ELEMENTS (KOHA)
Source of classification or shelving scheme Dewey Decimal Classification
Item type English Books
Call number suffix RAD
Classification part 658.4063
Holdings
Withdrawn status Lost status Not for loan Collection code Home library Current library Date acquired Source of acquisition Cost, normal purchase price Full call number Barcode Copy number Cost, replacement price Koha item type
    Not For Loan Non-fiction D.B.Act.Division D.B.Act.Division 22/04/2015 DBAD/PUB 599.00 658.4063 RAD EN-96269 1 599.00 English Books

© Delhi Public Library
Hit Counter
free hit counter